| 000 | 00494nam a2200193Ia 4500 | ||
|---|---|---|---|
| 003 | OSt | ||
| 005 | 20251202163902.0 | ||
| 020 | _a978-1-4390-4903-7 | ||
| 040 | _cLC | ||
| 050 |
_aQP141 .B 76 2011 _b4 |
||
| 100 | _aBROWN, JUDITH E | ||
| 245 | 0 | _aNUTRITION NOW | |
| 250 | _a6 | ||
| 260 |
_aBELMONT, _bWADSWORTH CENGAGE LEANING, _c2011, |
||
| 300 | _aXXXi, 1 volume (various pagings) : color illustrations ; 28 cm | ||
| 500 | _aINCLUDES INDEX | ||
| 650 | _aNutrition | ||
| 942 |
_cBK _2lcc _n0 |
||
| 999 |
_c193867 _d193867 |
||